Sinh lý học thực vật Sách dùng cho các trường CĐSP Tập 1 Phần lý thuyết

Αποθηκεύτηκε σε:
Λεπτομέρειες βιβλιογραφικής εγγραφής
Κύριος συγγραφέας: Trần Đăng Kế Chủ biên
Άλλοι συγγραφείς: Nguyễn Như Khanh
Μορφή: Βιβλίο
Έκδοση: H. Giáo dục 2000
Θέματα:
Ετικέτες: Προσθήκη ετικέτας
Δεν υπάρχουν, Καταχωρήστε ετικέτα πρώτοι!
Thư viện lưu trữ: Trung tâm Học liệu Lê Vũ Hùng, Trường Đại học Đồng Tháp
LEADER 01041pam a22002538a 4500
001 00022470
005 20171026081022.0
008 110530s2000 ||||||Viesd
020 |c 14000 
041 0 # |a Vie 
082 1 4 |a 571.2  |b S312L 
100 0 # |a Trần Đăng Kế  |d Chủ biên 
245 1 0 |a Sinh lý học thực vật  |b Sách dùng cho các trường CĐSP  |c Trần Đăng Kế; Nguyễn Như Khanh  |n Tập 1  |p Phần lý thuyết 
260 # # |a H.  |b Giáo dục  |c 2000 
300 # # |a 152 tr.  |c 27 cm. 
500 # # |a ĐTTS: Bộ giáo dục và đào tạo 
653 # # |a Thực vật sinh lý học 
700 0 # |a Nguyễn Như Khanh 
852 # # |b Kho giáo trình  |j KGT.0008081, KGT.0032865 
852 # # |b Kho mượn  |j KGT.0008081, KGT.0050167 
852 # # |b Kho đọc  |j KD.0007665 
852 # # |j KD.0007665  |j KGT.0032683  |j KGT.0008081  |j KGT.0032865  |j KGT.0050167  |j KGT.0054165 
910 0 # |a ngọc  |d 30/05/2011 
980 # # |a Trung tâm Học liệu Lê Vũ Hùng, Trường Đại học Đồng Tháp